Introducción al estudio del derecho financiero : un ensayo sobre los fundamentos teóricos del derecho financiero / por Álvaro Rodríguez Bereijo un ensayo sobre los fundamentos teóricos del derecho financiero / por Álvaro Rodríguez Bereijo
ISBN:
84-7196-008-7
Descripción Física:
439 p. ; 24 cm
Colección:
Estudios de hacienda pública
MARC
| LEADER | 00000nam a2200000Ia 4500 | ||
|---|---|---|---|
| 001 | 18436 | ||
| 008 | 160829s1976 xx 000 0 cat d | ||
| 020 | |a 84-7196-008-7 | ||
| 080 | |a D-3-138 | ||
| 100 | |a Rodríguez Bereijo, Álvaro |9 23513 | ||
| 245 | |a Introducción al estudio del derecho financiero : |b un ensayo sobre los fundamentos teóricos del derecho financiero / por Álvaro Rodríguez Bereijo | ||
| 260 | |a Madrid : |b Instituto de Estudios Fiscales. Ministerio de Hacienda, |c 1976 | ||
| 300 | |a 439 p. ; |c 24 cm | ||
| 490 | |a Estudios de hacienda pública | ||
| 590 | |a Bibliografia | ||
| 650 | |a Dret financer |x Espanya |9 23471 | ||
| 650 | 0 | |a Dret fiscal |z Espanya |9 18737 | |
| 650 | |a Finances públiques |x Dret i legislació |x Espanya |9 23514 | ||
| 901 | |a Arxiu | ||
| 942 | |n 1 | ||
| 952 | |0 1 |1 0 |2 udc |4 0 |5 2 |6 D3138 |7 1 |9 42736 |a Arxiu |b Arxiu |d 2016-12-01 |l 0 |o D-3-138 |p 18436 |r 2016-12-01 00:00:00 |w 2016-12-01 |y ARXIU | ||
| 999 | |c 45242 |d 45242 | ||